[Event "Chigorin Memorial"]
[Site "St Petersburg RUS"]
[Date "2012.11.03"]
[Round "8.31"]
[White "Durarbayli, Vasif"]
[Black "Bajarani, Ulvi"]
[Result "1-0"]
[WhiteTitle "GM"]
[BlackTitle "IM"]
[WhiteElo "2584"]
[BlackElo "2436"]
[WhiteFideId "13402935"]
[BlackFideId "13403028"]
[EventDate "2012.10.27"]

1. e4 c5 2. Nc3 d6 3. Nge2 Nf6 4. g3 g6 5. Bg2 Bg7 6. O-O O-O 7. d3 Nc6 8. Bg5
h6 9. Be3 Bd7 10. h3 Rb8 11. Qd2 Kh7 12. a4 a6 13. f4 b5 14. axb5 axb5 15. Kh2
b4 16. Nd1 Ne8 17. d4 cxd4 18. Nxd4 Nc7 19. Nf2 Ne6 20. Nxe6 fxe6 21. Nd3 Na5
22. Qe2 Nc4 23. Ba7 Rb5 24. e5 dxe5 25. b3 exf4 26. bxc4 fxg3+ 27. Kh1 Rbf5 28.
Rxf5 exf5 29. Rd1 Qc7 30. Qxe7 Qxa7 31. Nc5 Re8 32. Qxd7 Qxd7 33. Nxd7 Re2 34.
c5 Rxc2 35. Bd5 f4 36. c6 b3 37. Be4 Rc4 38. Bd5 Rc3 39. Kg2 b2 40. Be4 Rc1 41.
Rd2 h5 42. Nb6 Rxc6 43. Rxb2 Rd6 44. Nc8 Rd1 45. Rc2 Bf6 46. Nb6 Re1 47. Nd5 Be5
48. Bd3 Rd1 49. Be4 Re1 50. Bd3 Rd1 51. Bc4 g5 52. Kf3 Rd4 53. Ba2 Kg7 54. Re2
Rd3+ 55. Ke4 f3 56. Kxd3 g2 57. Rxe5 g1=Q 58. Ne3 f2 59. Rf5 g4 60. hxg4 hxg4
61. Bc4 g3 62. Ke2 Qh2 63. Kf3 Qh4 64. Bf1 Kg6 65. Rf4 Qh5+ 66. Kxg3 Qe5 67. Kf3
Kg5 68. Rf8 Qc5 69. Rf7 Kg6 70. Rf4 Kg5 71. Rc4 Qf8+ 72. Ke2 Qf6 73. Rg4+ Kh5
74. Rg2 Qb2+ 75. Kd3 Qb1+ 76. Kd4 Qb2+ 77. Ke4 Qb7+ 78. Kf4 Qb2 79. Rg5+ Kh6 80.
Rg4 Kh5 81. Kf3 Qf6+ 82. Rf4 Qd6 83. Be2 Kg5 84. Rg4+ Kf6 85. Kxf2 Qh2+ 86. Kf3
Qh3+ 87. Rg3 Qh1+ 88. Kf2 Qh2+ 89. Ng2 Qh7 90. Bd3 Qa7+ 91. Kf3 Qa8+ 92. Be4 Qe8
93. Nf4 Qe5 94. Rg6+ Ke7 95. Nd5+ Kf7 96. Rh6 Qa1 97. Rc6 Qf1+ 98. Ke3 Qe1+ 99.
Kf4 Qf2+ 100. Ke5 Qb2+ 101. Kf5 Qf2+ 102. Nf4 Ke7 103. Rc2 Qf1 104. Rd2 Qb5+
105. Rd5 Qf1 106. Bd3 Qf2 107. Be2 Kf8 108. Re5 Kg7 109. Bh5 Qa7 110. Be8 Qc7
111. Ne6+ 1-0

[Event "Chigorin Memorial"]
[Site "St Petersburg RUS"]
[Date "2012.11.03"]
[Round "8.32"]
[White "Halkias, Stelios"]
[Black "Bodnaruk, Anastasia"]
[Result "1-0"]
[WhiteTitle "GM"]
[BlackTitle "IM"]
[WhiteElo "2581"]
[BlackElo "2425"]
[WhiteFideId "4201809"]
[BlackFideId "4181751"]
[EventDate "2012.10.27"]

1. d4 Nf6 2. c4 g6 3. g3 Bg7 4. Bg2 O-O 5. Nc3 d6 6. Nf3 Nc6 7. O-O a6 8. Bf4
Nh5 9. Be3 f5 10. d5 Na5 11. c5 Nc4 12. Bd4 dxc5 13. Bxc5 Kh8 14. Qb3 Nd6 15.
Rad1 Bf6 16. Bd4 Re8 17. Ne5 e6 18. f4 Qe7 19. e4 Bg7 20. Rfe1 Qf8 21. Qa3 Nf6
22. dxe6 Bxe6 23. exf5 Bxf5 24. Nd5 Nxd5 25. Bxd5 h5 26. g4 hxg4 27. Qg3 1-0

[Event "Chigorin Memorial"]
[Site "St Petersburg RUS"]
[Date "2012.11.03"]
[Round "8.33"]
[White "Epishin, Vladimir"]
[Black "Atabayev, Yusup"]
[Result "1-0"]
[WhiteTitle "GM"]
[BlackTitle "FM"]
[WhiteElo "2574"]
[BlackElo "2407"]
[WhiteFideId "4162714"]
[BlackFideId "14001128"]
[EventDate "2012.10.27"]

1. d4 Nf6 2. Nf3 c5 3. c4 cxd4 4. Nxd4 e5 5. Nb5 d5 6. cxd5 Bc5 7. e3 O-O 8. Be2
a6 9. N5c3 e4 10. Nd2 Qe7 11. a3 Rd8 12. Qc2 Bf5 13. g4 Bg6 14. h4 h6 15. b4 Ba7
16. Bb2 Nbd7 17. d6 Qxd6 18. h5 Bh7 19. Ncxe4 Nxe4 20. Nxe4 Bxe4 21. Qxe4 Nf6
22. Bxf6 Qxf6 23. Rd1 Rxd1+ 24. Bxd1 Rd8 25. O-O Bb8 26. Bf3 b6 27. Rd1 Rxd1+
28. Bxd1 Qd8 29. Bb3 a5 30. b5 Bd6 31. Qg6 Qf6 32. Bxf7+ Kf8 33. a4 Bb4 34. Bc4
Qxg6 35. hxg6 Ke7 36. f4 Kf6 37. Bd3 Be1 38. Kg2 Bh4 39. Kf3 Be1 40. Bc2 Bb4 41.
Bf5 h5 42. e4 hxg4+ 43. Kxg4 Bd2 44. e5+ Ke7 45. Kf3 Bc1 46. Ke4 Bd2 47. Bg4 Bc1
48. Bd1 Bd2 49. Bb3 Bb4 50. f5 Bc5 51. f6+ 1-0

[Event "Chigorin Memorial"]
[Site "St Petersburg RUS"]
[Date "2012.11.03"]
[Round "8.34"]
[White "Shomoev, Anton"]
[Black "Nezad, Husein Aziz"]
[Result "1-0"]
[WhiteTitle "GM"]
[BlackTitle "IM"]
[WhiteElo "2571"]
[BlackElo "2396"]
[WhiteFideId "4135148"]
[BlackFideId "12100293"]
[EventDate "2012.10.27"]

1. d4 d5 2. c4 c6 3. Nc3 Nf6 4. Nf3 e6 5. Bg5 h6 6. Bh4 dxc4 7. e4 g5 8. Bg3 b5
9. Be2 Bb7 10. O-O Nbd7 11. Ne5 Bg7 12. Nxd7 Nxd7 13. Bd6 a6 14. a4 e5 15. Bg4
exd4 16. e5 c5 17. Re1 Nxe5 18. Bxe5 O-O 19. Bxg7 Kxg7 20. Ne2 f5 21. Bh5 f4 22.
Nxd4 cxd4 23. Re6 Rf6 24. Qe1 Rxe6 25. Qxe6 Qc7 26. axb5 axb5 27. Rxa8 Bxa8 28.
Qg6+ Kh8 29. Qe8+ Kg7 30. Qxa8 c3 31. bxc3 dxc3 32. Qa1 b4 33. Bd1 Qc4 34. h3 h5
35. Qa5 g4 36. Qg5+ Kf8 37. hxg4 hxg4 38. Qf6+ Kg8 39. Bxg4 Qc7 40. Be6+ 1-0

[Event "Chigorin Memorial"]
[Site "St Petersburg RUS"]
[Date "2012.11.03"]
[Round "8.37"]
[White "Cori, Jorge"]
[Black "Ponfilenok, Vladimir"]
[Result "1/2-1/2"]
[WhiteTitle "GM"]
[WhiteElo "2522"]
[BlackElo "2392"]
[WhiteFideId "3802272"]
[BlackFideId "24113522"]
[EventDate "2012.10.27"]

1. d4 e6 2. c4 f5 3. g3 Nf6 4. Bg2 d5 5. cxd5 exd5 6. Bf4 Bd6 7. Nf3 O-O 8. O-O
c6 9. e3 Ne4 10. Nc3 Bb4 11. Rc1 Nd7 12. Ne5 Bxc3 13. bxc3 Nb6 14. h4 Be6 15. f3
Nd6 16. Qe2 Nbc4 17. Nd3 Qe7 18. Rce1 Rae8 19. Rf2 Bf7 20. Bh3 Bh5 21. Qc2 Nc8
22. Bg5 Qd6 23. Kh2 h6 24. Bf4 Qe7 25. Be5 Bg6 26. Kg1 N8d6 27. Bf4 Nf7 28. Nb2
Nfd6 29. Nxc4 Nxc4 30. Bf1 b5 31. Bd3 Qf6 32. Rg2 Re6 33. Qf2 Be8 34. g4 fxg4
35. Rxg4 Bh5 36. Rg2 Qe7 37. Bxc4 Rxf4 38. exf4 Rxe1+ 39. Bf1 Qe3 40. Qxe3 Rxe3
41. Rc2 Kf7 42. Bg2 Bg6 43. Kf2 Rxf3+ 44. Kxf3 Bxc2 45. Bh3 Ke7 46. Ke3 Kd6 47.
Bf1 Bf5 48. a3 Bd7 49. Be2 c5 50. Bf1 Kc6 51. Bg2 Bf5 52. Bf3 a5 53. Be2 Be4 54.
Kd2 Bb1 55. Bh5 Bf5 56. Be2 Bb1 57. Bh5 Ba2 58. Be8+ Kb6 59. Kd3 Bc4+ 60. Ke3
Bf1 61. Kd2 b4 62. axb4 cxb4 63. cxb4 axb4 64. Kc2 Bc4 65. Bd7 Kc7 66. Bg4 Kd6
67. Kb2 Ke7 68. Kc2 Kf6 69. Kd2 Bb3 70. Bd7 Kg6 71. Bg4 Ba4 72. Kc1 Bb5 73. Kb2
Bc4 74. Kc2 Kf6 75. Kd2 Bb5 76. Kc2 Ba4+ 77. Kb2 Kg6 78. Kc1 h5 79. Bh3 Kf6 80.
Kd2 Bb3 81. Bd7 Ke7 82. Bh3 Ba4 83. Bg2 Bb3 84. Bh3 Bc4 85. Bc8 Kf6 86. Bh3 Bb3
87. Bd7 1/2-1/2

[Event "Chigorin Memorial"]
[Site "St Petersburg RUS"]
[Date "2012.11.03"]
[Round "8.38"]
[White "Khusenkhojaev, Muhammad"]
[Black "Stupak, Kirill"]
[Result "0-1"]
[BlackTitle "GM"]
[WhiteElo "2377"]
[BlackElo "2520"]
[WhiteFideId "14700247"]
[BlackFideId "13503758"]
[EventDate "2012.10.27"]

1. Nf3 d5 2. d4 Nf6 3. c4 e6 4. Nc3 Bb4 5. cxd5 exd5 6. Bg5 Nbd7 7. e3 c5 8. Bd3
Qa5 9. O-O c4 10. Bf5 Bxc3 11. bxc3 O-O 12. Qc2 Re8 13. Nd2 g6 14. Bh3 Ne4 15.
Nxe4 dxe4 16. Bf4 Nb6 17. Bxc8 Raxc8 18. f3 Nd5 19. fxe4 Qxc3 20. Qb1 Nxf4 21.
exf4 Qxd4+ 22. Kh1 Qxe4 23. Qb5 Qc6 24. Qg5 f5 25. h4 h5 26. Rf3 Kg7 27. Rc1 Qf6
28. Qg3 b5 29. Qf2 Rc7 30. a3 a5 31. Qd2 c3 32. Rfxc3 Rxc3 33. Qxc3 Qxc3 34.
Rxc3 Rb8 35. Kg1 b4 36. axb4 axb4 37. Rb3 Kf6 38. Kf2 Ke6 39. Ke3 Kd5 40. Kd3
Kc5 41. Kc2 Kd4 42. Rg3 b3+ 43. Kb2 Rb6 44. Rc3 Re6 45. Rg3 Ke4 46. Rf3 Rd6 47.
Kc3 b2 48. Kc2 Rd2+ 49. Kxd2 b1=Q 50. Rg3 Qb2+ 51. Ke1 Qb6 52. Ke2 Kxf4 53. Rg5
Qe3+ 54. Kf1 Qg3 0-1

[Event "Chigorin Memorial"]
[Site "St Petersburg RUS"]
[Date "2012.11.03"]
[Round "8.40"]
[White "Soffer, Ram"]
[Black "Belousov, Danila"]
[Result "1/2-1/2"]
[WhiteTitle "GM"]
[BlackTitle "FM"]
[WhiteElo "2506"]
[BlackElo "2340"]
[WhiteFideId "2800101"]
[BlackFideId "4167350"]
[EventDate "2012.10.27"]

1. c4 e5 2. g3 h5 3. d4 exd4 4. Nf3 h4 5. gxh4 Nc6 6. Bg5 Bb4+ 7. Nbd2 Nge7 8.
a3 Bxd2+ 9. Qxd2 f6 10. Bf4 Nf5 11. Qd3 d6 12. O-O-O Be6 13. e4 dxe3 14. fxe3
Qd7 15. Bg3 O-O-O 16. e4 Nh6 17. Qc3 Qe8 18. c5 dxc5 19. Rxd8+ Qxd8 20. Qxc5 Bg4
21. Nd2 Qd4 22. Qxd4 Nxd4 23. Bc4 Be6 24. Bf2 Bxc4 25. Bxd4 Be6 26. Rg1 Rh7 27.
Nf3 Nf7 28. Kd2 b6 29. Ke3 Nd6 30. Kf4 Kd7 31. e5 Ne8 32. exf6 gxf6 33. Rd1 Ke7
34. Re1 Rh5 35. Bf2 Kf7 36. Nd4 Bd7 37. Bg3 c5 38. Ne2 Nd6 39. Kf3 Nf5 40. Nf4
Nxh4+ 41. Kf2 Rf5 42. Rd1 Be6 43. Rd8 Ng6 44. Ke3 Re5+ 45. Kd2 Re4 46. Nxg6 Kxg6
47. Bb8 Ra4 48. Rd6 Kf7 49. Rc6 Rd4+ 50. Ke3 f5 51. Rc7+ Kf6 52. Rxa7 Re4+ 53.
Kf2 Bc4 54. b4 cxb4 55. axb4 f4 56. Rc7 Kf5 57. Rc8 Rd4 58. Rf8+ Kg4 59. h3+ Kg5
60. Bc7 b5 61. Bd8+ Kg6 62. Bc7 Rd2+ 63. Kf3 Bd5+ 64. Kxf4 Rf2+ 65. Ke5 Rxf8 66.
Kxd5 Rh8 67. Kc6 Rxh3 68. Kxb5 1/2-1/2

[Event "Chigorin Memorial"]
[Site "St Petersburg RUS"]
[Date "2012.11.03"]
[Round "8.41"]
[White "Dmitriev, Igor"]
[Black "Mozharov, Mikhail"]
[Result "0-1"]
[WhiteTitle "IM"]
[BlackTitle "IM"]
[WhiteElo "2340"]
[BlackElo "2505"]
[WhiteFideId "4114833"]
[BlackFideId "4189825"]
[EventDate "2012.10.27"]

1. g3 c5 2. Bg2 g6 3. d3 Bg7 4. Nc3 Nc6 5. e4 d6 6. Bd2 e6 7. Nge2 Nge7 8. Qc1
h5 9. h3 e5 10. a3 Nd4 11. b4 Be6 12. O-O Rc8 13. bxc5 dxc5 14. Qd1 Qd7 15. Kh2
Nxe2 16. Nxe2 c4 17. Be3 Nc6 18. Nc3 cxd3 19. cxd3 O-O 20. Rc1 b6 21. Qa4 Ne7
22. Qxd7 Bxd7 23. Bg5 f6 24. Be3 Rfd8 25. d4 exd4 26. Bxd4 Rc4 27. Be3 Rdc8 28.
Rfd1 Be8 29. Nd5 Rxc1 30. Rxc1 Rxc1 31. Nxe7+ Kf7 32. Bxc1 Kxe7 33. f4 Bc6 34.
g4 b5 35. Be3 a5 36. Bf1 Kf7 37. Bc5 h4 38. Bd3 Bf8 39. Bxf8 Kxf8 40. Kg1 Ke7
41. Kf2 g5 42. fxg5 fxg5 43. Ke3 Bd7 44. Be2 b4 45. axb4 axb4 46. Kd4 b3 47. Kc3
Be6 48. Bd3 Kd6 49. Kd4 b2 50. e5+ Ke7 51. Kc3 Bd5 52. Bf5 Bg2 0-1

[Event "Chigorin Memorial"]
[Site "St Petersburg RUS"]
[Date "2012.11.03"]
[Round "8.42"]
[White "Ajrapetjan, Yuriy"]
[Black "Faizrakhmanov, Ramil"]
[Result "1-0"]
[WhiteTitle "GM"]
[WhiteElo "2502"]
[BlackElo "2283"]
[WhiteFideId "14109069"]
[BlackFideId "24103209"]
[EventDate "2012.10.27"]

1. d4 d5 2. c4 c6 3. Nf3 Nf6 4. e3 Bg4 5. Nc3 e6 6. h3 Bxf3 7. Qxf3 Nbd7 8. Bd3
Bd6 9. cxd5 exd5 10. g4 Nf8 11. g5 N6d7 12. h4 Ne6 13. Bd2 Qe7 14. O-O-O O-O-O
15. Qg2 g6 16. f4 Ng7 17. Qf3 f5 18. h5 Kb8 19. Ne2 Nxh5 20. Bxf5 Nxf4 21. exf4
gxf5 22. Ng3 Qf7 23. Qd3 Nb6 24. b3 Rhf8 25. Rh6 Qc7 26. Rf1 c5 27. dxc5 Bxc5
28. Kb1 d4 29. b4 Bd6 30. Rc1 Qd7 31. Qxd4 Bc7 32. Qxd7 Rxd7 33. Rc2 Rfd8 34.
Rh2 Nd5 35. Rh4 Ne7 36. Rxh7 Rxd2 37. Rxd2 Rxd2 38. Rxe7 Bxf4 39. g6 Rd1+ 40.
Kc2 Rd2+ 41. Kc3 Rg2 42. Nh5 Bd2+ 43. Kd3 Bh6 44. g7 Bxg7 45. Nxg7 Rxa2 46. Nxf5
Ra6 47. Kc4 Rc6+ 48. Kd3 a6 49. Nd4 Rd6 50. Kc4 Ka7 51. Ne6 Rc6+ 52. Nc5 Ka8 53.
Re6 Rc7 54. Rd6 Rc8 55. Kb3 Rc7 56. Ka4 Ka7 57. Ka5 Rc8 58. Rd7 Rb8 59. Nxa6 Ra8
60. Nc5 1-0

[Event "Chigorin Memorial"]
[Site "St Petersburg RUS"]
[Date "2012.11.03"]
[Round "8.43"]
[White "Tsydypov, Zhamsaran"]
[Black "Rozum, Ivan"]
[Result "0-1"]
[WhiteTitle "FM"]
[BlackTitle "IM"]
[WhiteElo "2338"]
[BlackElo "2498"]
[WhiteFideId "4108566"]
[BlackFideId "24104272"]
[EventDate "2012.10.27"]

1. e4 e5 2. Nf3 Nc6 3. Bc4 Bc5 4. c3 Nf6 5. d3 d6 6. O-O O-O 7. Bb3 Ne7 8. Bg5
Ng6 9. h3 h6 10. Be3 Bb6 11. Nbd2 Nh5 12. Nxe5 Nxe5 13. Qxh5 Nxd3 14. Qe2 Nc5
15. Bc2 Re8 16. a4 a5 17. Rae1 Bd7 18. Qd1 Bc6 19. Bd4 Nd7 20. Nc4 Bxd4 21. cxd4
b5 22. Na3 b4 23. Nb5 Bb7 24. f4 Nf8 25. e5 Qd7 26. Re3 Ba6 27. Rf2 Bxb5 28.
axb5 dxe5 29. fxe5 Rad8 30. Qh5 Qxd4 31. Qxf7+ Kh8 32. Rd3 Qh4 33. g3 Qxh3 34.
Rxd8 Qxg3+ 35. Kf1 Qh3+ 36. Rg2 Qh1+ 37. Kf2 Qh4+ 38. Kf1 Qh1+ 39. Rg1 Qh3+ 40.
Kf2 Qh2+ 41. Rg2 Qh4+ 42. Rg3 Qh2+ 43. Kf3 Qh1+ 44. Kf4 Qf1+ 45. Rf3 Qc1+ 46.
Kg3 Qg5+ 47. Kh3 Qxd8 48. Bb3 Nh7 49. Rg3 Re7 50. Qg6 Nf8 51. Qf5 Qd7 52. Qxd7
Nxd7 53. Rd3 g5 54. e6 Nc5 55. Rd8+ Kg7 56. Bc4 Nxe6 57. Ra8 Nf4+ 58. Kh2 h5 59.
Rxa5 Kf6 60. Ra4 g4 0-1

[Event "Chigorin Memorial"]
[Site "St Petersburg RUS"]
[Date "2012.11.03"]
[Round "8.44"]
[White "Biriukov, Oleg V."]
[Black "Eliseev, Urii"]
[Result "0-1"]
[WhiteTitle "IM"]
[BlackTitle "IM"]
[WhiteElo "2327"]
[BlackElo "2486"]
[WhiteFideId "4123174"]
[BlackFideId "24131920"]
[EventDate "2012.10.27"]

1. d4 c5 2. d5 d6 3. e4 g6 4. Nc3 Bg7 5. Nf3 Nf6 6. Be2 O-O 7. O-O Na6 8. Nd2
Nc7 9. a4 b6 10. Nc4 Ba6 11. Bf4 Nd7 12. g3 Rb8 13. Qd2 Bxc4 14. Bxc4 a6 15.
Rfb1 Qc8 16. Be2 b5 17. Ra2 Kh8 18. Nd1 Nf6 19. Bf3 Ng4 20. b3 Re8 21. h3 Ne5
22. Bg2 e6 23. Ne3 Rb6 24. a5 Rb8 25. c3 b4 26. c4 exd5 27. exd5 Qd7 28. Rd1 Re7
29. Qc1 f5 30. Nf1 Ne8 31. Nh2 Nf6 32. Bg5 Rbe8 33. Nf3 Nf7 34. Bxf6 Bxf6 35.
Re1 g5 36. Rxe7 Rxe7 37. Kf1 g4 38. Ng1 Ng5 39. Qd1 Be5 40. Re2 h6 41. h4 Nh7
42. Qe1 Kg7 43. f4 Bf6 44. Rxe7+ Qxe7 45. Qe6 Qxe6 46. dxe6 Nf8 47. Bb7 Nxe6 48.
Bxa6 Nd4 49. Bc8 Bd8 50. a6 Bb6 51. Ne2 Nxb3 52. Bxf5 Nd2+ 53. Ke1 Nxc4 54. Bxg4
Ne3 55. Bf3 d5 56. g4 c4 57. f5 b3 58. g5 hxg5 59. hxg5 b2 60. f6+ Kg6 61. Nc3 0-1

[Event "Chigorin Memorial"]
[Site "St Petersburg RUS"]
[Date "2012.11.03"]
[Round "8.46"]
[White "Monin, Nikolay"]
[Black "Moiseenko, Vadim"]
[Result "1-0"]
[WhiteTitle "IM"]
[WhiteElo "2325"]
[BlackElo "2477"]
[WhiteFideId "4104013"]
[BlackFideId "4123700"]
[EventDate "2012.10.27"]

1. d4 Nf6 2. Nf3 e6 3. e3 b6 4. Bd3 Bb7 5. O-O c5 6. Nbd2 Nc6 7. c3 Be7 8. Qe2
Qc7 9. e4 cxd4 10. Nxd4 Ne5 11. Bc2 Ng6 12. N2f3 a6 13. a4 d6 14. Ng5 d5 15.
Ndxe6 fxe6 16. Nxe6 Qe5 17. Nxg7+ Kf7 18. f4 Qc7 19. Nf5 Nxe4 20. Nh6+ Kg7 21.
Nf5+ Kf6 22. Nxe7 Nxe7 23. f5 h5 24. Bf4 Qc6 25. Be3 Kf7 26. Bd4 Rh7 27. Bb3 Kf8
28. f6 Ng6 29. Rf5 Re8 30. Qd1 Qe6 31. Rxh5 Nxf6 32. Rxh7 Nxh7 33. Qh5 Kg8 34.
Bc2 Nhf8 35. Rf1 Bc6 36. h3 Re7 37. Rf6 Qe1+ 38. Kh2 Be8 39. Qh6 Rf7 40. Rxg6+
Nxg6 41. Qxg6+ Kf8 42. Qd6+ Kg8 43. Qg6+ Kf8 44. Qxb6 Rf1 45. Qd6+ Kf7 46. Qxd5+
Ke7 47. Qg5+ Ke6 48. Bb3+ Kd7 49. Qd5+ Ke7 50. Qc5+ Kd7 51. Qa7+ Kd6 52. Bc5+
Ke5 53. Qe7+ Kf4 1-0

[Event "Chigorin Memorial"]
[Site "St Petersburg RUS"]
[Date "2012.11.03"]
[Round "8.47"]
[White "Vavulin, Maksim"]
[Black "Popilski, Gil"]
[Result "0-1"]
[BlackTitle "IM"]
[WhiteElo "2293"]
[BlackElo "2475"]
[WhiteFideId "4169530"]
[BlackFideId "2809060"]
[EventDate "2012.10.27"]

1. e4 c5 2. Nf3 d6 3. d4 Nf6 4. Nc3 cxd4 5. Nxd4 Nc6 6. Bc4 e6 7. Be3 Be7 8. Qe2
Bd7 9. O-O-O Rc8 10. Nxc6 bxc6 11. g4 O-O 12. g5 Ne8 13. f4 d5 14. Bb3 Bb4 15.
Na4 c5 16. c3 c4 17. Bc2 Bd6 18. Rd2 Qa5 19. Qd1 dxe4 20. Rxd6 Bxa4 21. Rd4 Bxc2
22. Qxc2 Qxa2 23. Qxe4 Nc7 24. Rxc4 Nd5 25. Rxc8 Rxc8 26. Bd4 Rb8 27. Qb1 Qc4
28. Qe4 Qb5 29. b4 Nxb4 30. cxb4 Qxb4 31. Qe5 Rc8+ 32. Kd1 Qb3+ 33. Ke1 Rc1+ 34.
Kf2 Rc2+ 0-1

[Event "Chigorin Memorial"]
[Site "St Petersburg RUS"]
[Date "2012.11.03"]
[Round "8.49"]
[White "Cherednichenko, Svetlana"]
[Black "Yevseev, Denis"]
[Result "0-1"]
[WhiteTitle "WGM"]
[BlackTitle "GM"]
[WhiteElo "2311"]
[BlackElo "2545"]
[WhiteFideId "14105551"]
[BlackFideId "4126378"]
[EventDate "2012.10.27"]

1. d4 d5 2. Nf3 Nf6 3. e3 Bf5 4. c4 c6 5. Nc3 e6 6. Be2 Nbd7 7. Ne5 Nxe5 8. dxe5
Ne4 9. Nxe4 Bxe4 10. O-O Bc5 11. f3 Bg6 12. cxd5 Qxd5 13. Qxd5 exd5 14. f4 Be4
15. Bf3 O-O-O 16. Bd2 f6 17. b4 Bb6 18. exf6 gxf6 19. g4 Rhe8 20. a4 Bxf3 21.
Rxf3 d4 22. e4 d3+ 23. Kf1 Rxe4 24. a5 Bc7 25. Re1 Rc4 26. Re6 c5 27. bxc5 Rxc5
28. Ree3 Bxa5 29. Bxa5 Rxa5 30. Rxd3 Rxd3 31. Rxd3 Ra4 32. Rf3 b5 33. g5 fxg5
34. fxg5 Rh4 35. Kg2 Rg4+ 36. Kf2 Kb7 37. Rf5 Kb6 38. h3 Rc4 39. Rf6+ Kb7 40.
Ke2 Rh4 41. Rf3 a5 42. Kd2 Kb6 43. Kc2 a4 44. Kb2 Ka5 45. Ka2 Kb4 46. Kb2 Re4
47. Rf5 a3+ 48. Ka2 Re2+ 49. Kb1 Ka4 50. h4 b4 51. Rf3 Re1+ 0-1

[Event "Chigorin Memorial"]
[Site "St Petersburg RUS"]
[Date "2012.11.03"]
[Round "8.50"]
[White "Alsina Leal, Daniel"]
[Black "Melnikov, Dmitry"]
[Result "1-0"]
[WhiteTitle "GM"]
[BlackTitle "FM"]
[WhiteElo "2528"]
[BlackElo "2292"]
[WhiteFideId "2252627"]
[BlackFideId "4146468"]
[EventDate "2012.10.27"]

1. e4 e5 2. Nf3 Nc6 3. Bb5 Nd4 4. Nxd4 exd4 5. O-O Bc5 6. Bc4 d6 7. d3 Qh4 8.
Nd2 Bg4 9. f3 Be6 10. a3 Nf6 11. b4 Bb6 12. Qe1 Qxe1 13. Rxe1 Kd7 14. Bxe6+ fxe6
15. e5 Nd5 16. Nc4 a6 17. Bd2 Ba7 18. Re4 b5 19. Na5 Ne3 20. Bxe3 dxe3 21. Nb3
Rhc8 22. c4 bxc4 23. dxc4 d5 24. Rg4 c5 25. Rxg7+ Ke8 26. Nxc5 Bxc5 27. bxc5
dxc4 28. Rc1 Rab8 29. c6 Kf8 30. Rxh7 Kg8 31. Rb7 Rxb7 32. cxb7 Rb8 33. Rb1 c3
34. Kf1 c2 35. Rc1 Rxb7 36. Rxc2 Rb3 37. Ra2 a5 38. a4 Kg7 39. g4 Kg6 40. h4 Kg7
41. Ke2 Rc3 42. h5 Rb3 43. f4 Kf7 44. g5 Kg7 45. Rc2 1-0

[Event "Chigorin Memorial"]
[Site "St Petersburg RUS"]
[Date "2012.11.03"]
[Round "8.53"]
[White "Donskov, Anatoly"]
[Black "Yagupov, Igor"]
[Result "0-1"]
[WhiteTitle "FM"]
[BlackTitle "GM"]
[WhiteElo "2305"]
[BlackElo "2465"]
[WhiteFideId "24143413"]
[BlackFideId "4113632"]
[EventDate "2012.10.27"]

1. e4 c5 2. Nf3 Nc6 3. d4 cxd4 4. Nxd4 e5 5. Nb5 d6 6. c4 Be7 7. N5c3 Nf6 8. Bd3
O-O 9. O-O Nd7 10. Nd5 Nc5 11. Nxe7+ Qxe7 12. Nc3 f5 13. exf5 Nxd3 14. Qxd3 Bxf5
15. Qg3 Nd4 16. Bg5 Qc7 17. Kh1 Be6 18. b3 a6 19. Rac1 Qc6 20. Rfe1 Rf7 21. Ne4
Bf5 22. f3 Raf8 23. h3 Bxe4 24. fxe4 Rf2 25. Qd3 Qd7 26. Bd2 Qe6 27. Re3 Qg6 28.
Rg1 Qh5 29. Be1 Rxa2 30. Bc3 Ne2 31. Qd5+ Qf7 32. Rd1 Qxd5 33. Rxd5 Rf1+ 34. Kh2
Nf4 35. Rd2 Rxd2 36. Bxd2 Rf2 37. Bb4 Rxg2+ 38. Kh1 Re2 39. Rxe2 Nxe2 40. Bxd6
Ng3+ 41. Kg2 Nxe4 42. Bxe5 Nd2 43. Bc3 Nxb3 44. Kf3 Kf7 45. Ke4 g6 46. Kd5 g5
47. Kd6 h5 48. Kc7 g4 49. hxg4 h4 50. Kb6 Kg6 51. Be5 Nd2 52. Kc5 Kg5 53. Kb4
Kxg4 54. c5 h3 55. Bh2 Kf3 56. Ka5 Kg2 57. Bb8 Ne4 58. Kb6 Ng3 0-1

[Event "Chigorin Memorial"]
[Site "St Petersburg RUS"]
[Date "2012.11.03"]
[Round "8.54"]
[White "Can, Emre"]
[Black "Samdanov, Samdan"]
[Result "1-0"]
[WhiteTitle "GM"]
[WhiteElo "2449"]
[BlackElo "2221"]
[WhiteFideId "6302181"]
[BlackFideId "4188101"]
[EventDate "2012.10.27"]

1. e4 c5 2. Nf3 d6 3. c3 Nf6 4. Be2 Bg4 5. O-O e6 6. d3 Nc6 7. Nbd2 Be7 8. a3 d5
9. b4 dxe4 10. dxe4 a6 11. Bb2 Bxf3 12. Bxf3 Ne5 13. Be2 Nd3 14. Qc2 Nxb2 15. b5
O-O 16. Qxb2 axb5 17. Bxb5 Ng4 18. h3 Ne5 19. Rad1 g5 20. h4 g4 21. g3 Qb6 22.
Rb1 Rfd8 23. Kg2 Bf6 24. a4 Rd6 25. Qc1 Qc7 26. f4 gxf3+ 27. Nxf3 Rad8 28. Kh3
Qe7 29. Qf4 Nxf3 30. Rxf3 Bg7 31. Rbf1 Rd1 32. R1f2 Rh1+ 33. Kg2 Re1 34. Qxf7+
Qxf7 35. Rxf7 b6 36. Rb7 Bxc3 37. Rff7 Rd2+ 38. Kf3 h5 39. Rfd7 Rxd7 40. Bxd7 e5
41. Rxb6 Bd4 42. a5 c4 43. Be6+ Kg7 44. Rb7+ Kf6 45. Bxc4 Re3+ 46. Kg2 Rxe4 47.
Rf7+ Kg6 48. Bd3 Kxf7 49. Bxe4 Bc3 50. a6 Bd4 51. Bf3 Kg6 52. Kf1 Ba7 53. Ke2
Bb8 54. Kd3 Ba7 55. Ke4 1-0

[Event "Chigorin Memorial"]
[Site "St Petersburg RUS"]
[Date "2012.11.03"]
[Round "8.55"]
[White "Naboka, Sergey"]
[Black "Chekhov, Sergei"]
[Result "0-1"]
[BlackTitle "FM"]
[WhiteElo "2256"]
[BlackElo "2443"]
[WhiteFideId "14123452"]
[BlackFideId "4195639"]
[EventDate "2012.10.27"]

1. e4 c5 2. Nf3 e6 3. d4 cxd4 4. Nxd4 a6 5. Bd3 Bc5 6. Nb3 Ba7 7. Qg4 Nf6 8. Qg3
d6 9. O-O Nc6 10. Nc3 Ne5 11. Be2 Ng6 12. Rd1 Bb8 13. f4 O-O 14. Be3 Qe7 15. Bf3
Ba7 16. Bxa7 Rxa7 17. Qf2 b5 18. g3 b4 19. Na4 Rc7 20. Qb6 Bb7 21. Qxb4 Rxc2 22.
Rxd6 e5 23. Rb6 Qd7 24. Rxb7 Qh3 25. Nd2 exf4 26. Bg2 Qh5 27. Nf3 fxg3 28. hxg3
Qg4 29. Qb3 Rxg2+ 30. Kxg2 Nxe4 31. Qe3 Qxg3+ 32. Kf1 Nh4 33. Ke2 Qg2+ 34. Kd3
Nf2+ 35. Kc3 Nxf3 36. Nc5 Ng4 37. Qf4 Nfe5 38. Rd1 h5 39. Re7 Ng6 40. Qe4 Qxe4
41. Rxe4 Nf2 42. Rd6 Nxe4+ 43. Nxe4 Re8 44. Kd4 Nf4 45. Rxa6 Ne6+ 46. Kc3 Rc8+
47. Kd3 Rb8 48. b3 Kh7 49. Ke3 g5 50. Rd6 Kg7 51. Nd2 g4 52. Kf2 h4 53. Nc4 Rh8
54. Ne3 g3+ 55. Kf3 Kg6 56. Rd2 Ng5+ 57. Kf4 Re8 58. Rd6+ f6 59. Rd4 Ne6+ 0-1

[Event "Chigorin Memorial"]
[Site "St Petersburg RUS"]
[Date "2012.11.03"]
[Round "8.56"]
[White "Ignatyev, Viktor"]
[Black "Mammadov, Zaur"]
[Result "0-1"]
[BlackTitle "IM"]
[WhiteElo "2254"]
[BlackElo "2442"]
[WhiteFideId "24182915"]
[BlackFideId "13401033"]
[EventDate "2012.10.27"]

1. d4 d5 2. c4 c6 3. Nf3 Nf6 4. Nc3 dxc4 5. a4 Bf5 6. e3 e6 7. Bxc4 Bb4 8. O-O
O-O 9. Qe2 Bg6 10. Rd1 Nbd7 11. Bd3 Bh5 12. Qc2 Qe7 13. Be2 c5 14. Na2 cxd4 15.
Nxb4 Qxb4 16. Rxd4 Qe7 17. b3 Rfc8 18. Qd1 Nd5 19. Ba3 Qf6 20. Bb2 Qg6 21. Rc1
a5 22. h3 f5 23. Rxc8+ Rxc8 24. Rxd5 Bxf3 25. Bxf3 exd5 26. Qxd5+ Qf7 27. Qxb7
Rb8 28. Qc6 Nf6 29. Be2 Kh8 30. Bc4 Qe7 31. Bd4 Ne4 32. Qd5 f4 33. exf4 Rd8 34.
Qe5 Qxe5 35. Bxe5 Rd1+ 36. Kh2 Nxf2 37. Kg3 Ne4+ 38. Kf3 Nc5 39. f5 h5 40. Ke2
Rd7 41. Bc3 Re7+ 42. Kf3 Rb7 43. Bxa5 Nxb3 44. Bd8 Nd2+ 0-1